El sacerdote en las epístolas de San Pablo / (Record no. 44093)

MARC details
000 -LEADER
campo de control de longitud fija 00638nam a2200169 i 4500
001 - NÚMERO DE CONTROL
campo de control 44093
003 - IDENTIFICADOR DE NÚMERO DE CONTROL
campo de control ES-MaACL
005 - FECHA Y HORA DE LA ÚLTIMA TRANSACCIÓN
campo de control 20230906160943.0
007 - CAMPO FIJO DE DESCRIPCIÓN FÍSICA--INFORMACIÓN GENERAL
campo de control de longitud fija t|
008 - DATOS DE LONGITUD FIJA--INFORMACIÓN GENERAL
campo de control de longitud fija 030320s1959 sp ||||1| spa d
100 1# - ENTRADA PRINCIPAL--NOMBRE DE PERSONA
Nombre de persona Cicognani, Amleto Giovanni
Títulos y otros términos asociados al nombre Arzobispo de Laodicea.
9 (RLIN) 38753
245 13 - MENCIÓN DEL TÍTULO
Título El sacerdote en las epístolas de San Pablo /
Mención de responsabilidad, etc. selección de textos y comentarios por Amleto Giovanni Cicognani ; traducción del inglés por Justo Pérez Usoz.
260 ## - PUBLICACIÓN, DISTRIBUCIÓN, ETC.
Lugar de publicación, distribución, etc. Madrid :
Nombre del editor, distribuidor, etc. Razón y Fé,
Fecha de publicación, distribución, etc. [1959] (
Fabricante Bolaños y Aguilar)
300 ## - DESCRIPCIÓN FÍSICA
Extensión 283 p. ;
Dimensiones 16 cm.
700 1# - ENTRADA AGREGADA--NOMBRE PERSONAL
Nombre de persona Pérez Usoz, Justo.
9 (RLIN) 91189
852 ## - LOCALIZACIÓN
Ubicación ES-MaACL
Número de control de estantería C-18126
Sublocalización o colección R.44014
Holdings
Estatus retirado Estado de pérdida Estado de daño No para préstamo Biblioteca de origen Biblioteca actual Ubicación en estantería Fecha de adquisición Fuente de adquisición Total de préstamos Signatura topográfica completa Código de barras Visto por última vez Precio de reemplazo Tipo de ítem Koha
        Biblioteca del Ateneo de Madrid Biblioteca del Ateneo de Madrid Galería 17/01/2008     C-18126 1046409 23/02/2023 23/02/2023 Libro impreso